Analecta Anglicana : (Record no. 43286)

MARC details
000 -LEADER
fixed length control field 01095cpcaa2200277 4500
001 - CONTROL NUMBER
control field mm 81077958
003 - CONTROL NUMBER IDENTIFIER
control field DLC
005 - DATE AND TIME OF LATEST TRANSACTION
control field 20260227111710.0
008 - FIXED-LENGTH DATA ELEMENTS--GENERAL INFORMATION
fixed length control field 811028|||||||||||| eng
010 ## - LIBRARY OF CONGRESS CONTROL NUMBER
LC control number mm 81077958
040 ## - CATALOGING SOURCE
Original cataloging agency DLC
Transcribing agency DLC
Description conventions dacs
Modifying agency DLC
072 #7 - SUBJECT CATEGORY CODE
Subject category code C
Source lcmd
245 00 - TITLE STATEMENT
Title Analecta Anglicana :
Form commonplace-books,
Inclusive dates 18th century.
300 ## - PHYSICAL DESCRIPTION
Extent 5
Type of unit items.
300 ## - PHYSICAL DESCRIPTION
Extent 5
Type of unit containers.
506 0# - RESTRICTIONS ON ACCESS NOTE
Terms governing access Open to research.
520 8# - SUMMARY, ETC.
Summary, etc. Commonplace-books entitled "Analecta Anglicana" kept by an unknown person, consisting of notes, extracts, cut materials from printed items, and engravings relating to English history, government, culture, and society.
546 ## - LANGUAGE NOTE
Language note Collection material in English.
650 #0 - SUBJECT ADDED ENTRY--TOPICAL TERM
Topical term or geographic name entry element Commonplace books.
650 #0 - SUBJECT ADDED ENTRY--TOPICAL TERM
Topical term or geographic name entry element Culture.
651 #0 - SUBJECT ADDED ENTRY--GEOGRAPHIC NAME
Geographic name Great Britain
General subdivision History.
651 #0 - SUBJECT ADDED ENTRY--GEOGRAPHIC NAME
Geographic name Great Britain
General subdivision Politics and government.
651 #0 - SUBJECT ADDED ENTRY--GEOGRAPHIC NAME
Geographic name Great Britain
General subdivision Social life and customs.

No items available.

Powered by Koha